000 00668nam a2200217 i 4500
001 86402
003 ES-MaACL
005 20230906175435.0
007 t|
008 041210s1973 sp ||||1| spa d
100 1 _aKandinsky, Wassily (
_d1866-1944)
_967484
245 1 0 _aDe lo espiritual en el arte /
_cKandinsky ; [traducción de Genoveva Dieterich].
250 _a[1ª ed.].
260 _aBarcelona :
_bBarral,
_c1973.
300 _a122 p., 8 lám. ;
_c19 cm.
490 1 _aIdeas de nuestro tiempo
700 1 _aDieterich, Genoveva.
_9160205
830 0 _aIdeas de nuestro tiempo
_9184000
852 _aES-MaACL
_jC-54973
_bR.87549
999 _c86402
_d86402